[Event "Nizhnij Novgorod NGTU op"]
[Site "Nizhnij Novgorod"]
[Date "2015.04.29"]
[Round "5"]
[White "Bystrov, Nikolay"]
[Black "Grushin, Stanislav"]
[Result "1/2-1/2"]
[WhiteElo "2036"]
[BlackElo "1999"]
[PlyCount "26"]
[EventDate "2015.04.25"]
[EventType "swiss"]
[EventRounds "7"]
[EventCountry "RUS"]
[SourceTitle "CBM 166 Extra"]
[Source "ChessBase"]
[SourceDate "2015.06.18"]
[SourceVersion "1"]
[SourceVersionDate "2015.06.18"]
[SourceQuality "1"]

1. e4 c5 2. Nf3 Nc6 3. d4 cxd4 4. Nxd4 g6 5. Nc3 Bg7 6. Be3 Nf6 7. f3 d6 8. Qd2 0-0 9. Bc4 Bd7 10. 0-0-0 Nxd4 11. Bxd4 Qa5 12. Bb3 Rfc8 13. Kb1 Be6 1/2-1/2

[Event "Nizhnij Novgorod-ch"]
[Site "Nizhnij Novgorod"]
[Date "2014.??.??"]
[Round "8"]
[White "Gavrilov, Nikolay S"]
[Black "Grushin, Stanislav"]
[Result "1/2-1/2"]
[WhiteElo "2028"]
[BlackElo "1990"]
[PlyCount "68"]
[EventDate "2014.03.??"]
[EventType "swiss"]
[EventRounds "9"]
[EventCountry "RUS"]
[SourceTitle "EXT 2016"]
[Source "ChessBase"]
[SourceDate "2015.10.08"]
[SourceVersion "1"]
[SourceVersionDate "2015.10.08"]
[SourceQuality "1"]

1. e4 c5 2. Nf3 Nc6 3. d4 cxd4 4. Nxd4 g6 5. Nc3 Bg7 6. Be3 Nf6 7. g4 Nxg4 8. Qxg4 Nxd4 9. 0-0-0 Nc6 10. Bc4 Ne5 11. Qe2 Nxc4 12. Qxc4 0-0 13. h4 d6 14. h5 Be6 15. Nd5 b5 16. Qe2 Bxd5 17. exd5 Qa5 18. Kb1 Qb4 19. Bc1 a5 20. Rd3 a4 21. a3 Qc4 22. Qxe7 Rfc8 23. Qe2 b4 24. Qd1 Rab8 25. Rg1 bxa3 26. Rxa3 Bxb2 27. Bxb2 Qb4 28. Ra2 a3 29. Rg4 Qb6 30. Qd4 axb2 31. Qxb6 Rxb6 32. Rxb2 Rcb8 33. Rxb6 Rxb6+ 34. Kc1 Kg7 1/2-1/2

[Event "Nizhnij Novgorod-ch"]
[Site "Nizhnij Novgorod"]
[Date "2014.??.??"]
[Round "9"]
[White "Grushin, Stanislav"]
[Black "Shilnikov, Igor S"]
[Result "1-0"]
[WhiteElo "1990"]
[BlackElo "1769"]
[PlyCount "81"]
[EventDate "2014.03.??"]
[EventType "swiss"]
[EventRounds "9"]
[EventCountry "RUS"]
[SourceTitle "EXT 2016"]
[Source "ChessBase"]
[SourceDate "2015.10.08"]
[SourceVersion "1"]
[SourceVersionDate "2015.10.08"]
[SourceQuality "1"]

1. Nf3 Nf6 2. g3 g6 3. Bg2 Bg7 4. d3 d6 5. 0-0 0-0 6. e4 Nc6 7. Nc3 Nh5 8. h3 e5 9. Bg5 f6 10. Be3 Be6 11. Qe2 Ne7 12. d4 a6 13. Rad1 h6 14. Rfe1 Qe8 15. g4 Nf4 16. Bxf4 exf4 17. e5 fxe5 18. dxe5 d5 19. Nd4 Qf7 20. Nxe6 Qxe6 21. Nxd5 Rac8 22. Nxe7+ Qxe7 23. Bxb7 Rce8 24. Qxa6 Kh7 25. Be4 Qg5 26. Bf3 Rxe5 27. Rxe5 Qxe5 28. b3 Qe7 29. a4 Rf6 30. Qc4 Rf8 31. a5 c5 32. a6 Bd4 33. Rxd4 cxd4 34. Qxd4 Rf7 35. b4 Qc7 36. Qc5 Qd7 37. b5 h5 38. b6 Qd2 39. a7 hxg4 40. hxg4 Qc1+ 41. Kg2 1-0

[Event "Nizhnij Novgorod-ch"]
[Site "Nizhnij Novgorod"]
[Date "2014.??.??"]
[Round "5"]
[White "Kuznetcov, Aleksander"]
[Black "Grushin, Stanislav"]
[Result "0-1"]
[WhiteElo "2030"]
[BlackElo "1990"]
[PlyCount "64"]
[EventDate "2014.03.??"]
[EventType "swiss"]
[EventRounds "9"]
[EventCountry "RUS"]
[SourceTitle "EXT 2016"]
[Source "ChessBase"]
[SourceDate "2015.10.08"]
[SourceVersion "1"]
[SourceVersionDate "2015.10.08"]
[SourceQuality "1"]

1. e4 c5 2. c3 d6 3. d4 Nd7 4. Nf3 g6 5. Be3 Ngf6 6. Nbd2 Bg7 7. Bc4 0-0 8. 0-0 Qc7 9. h3 Rb8 10. a4 b6 11. Qe2 Bb7 12. d5 h6 13. Rfe1 Ne8 14. Rad1 Ne5 15. Ba2 a6 16. Rf1 Nxf3+ 17. Nxf3 Qd7 18. Bc1 Qxa4 19. Bb1 Nc7 20. Nh4 Qd7 21. f4 a5 22. Qc2 Ba6 23. Rf2 e5 24. f5 Qe7 25. Nf3 b5 26. Nh2 g5 27. Qe2 f6 28. Qh5 Qf7 29. Qg6 b4 30. Ng4 Qxg6 31. fxg6 bxc3 32. bxc3 Rxb1 0-1

[Event "Nizhnij Novgorod Region-ch"]
[Site "Nizhnij Novgorod"]
[Date "2012.10.09"]
[Round "?"]
[White "Semenov, Maxim"]
[Black "Grushin, Stanislav"]
[Result "1-0"]
[WhiteElo "2002"]
[BlackElo "1979"]
[PlyCount "37"]
[EventDate "2012.10.06"]
[EventType "swiss"]
[EventRounds "9"]
[EventCountry "RUS"]
[SourceTitle "EXT 2022"]
[Source "ChessBase"]
[SourceDate "2021.10.06"]
[SourceVersion "1"]
[SourceVersionDate "2021.10.06"]
[SourceQuality "1"]

1. e4 c5 2. Nf3 Nc6 3. d4 cxd4 4. Nxd4 g6 5. Nc3 Bg7 6. Be3 Nf6 7. Bc4 0-0 8. Bb3 d6 9. f3 Bd7 10. Qd2 Nxd4 11. Bxd4 b5 12. h4 a5 13. h5 e5 14. Be3 a4 15. Bd5 b4 16. Ne2 Nxd5 17. exd5 Rb8 18. Bh6 Qf6 19. Bg5 1-0

[Event "Nizhnij Novgorod U20"]
[Site "Nizhnij Novgorod"]
[Date "2012.02.11"]
[Round "?"]
[White "Grushin, Stanislav"]
[Black "Mylnikov, Vasily"]
[Result "1-0"]
[WhiteElo "1998"]
[BlackElo "1763"]
[PlyCount "53"]
[EventDate "2012.02.10"]
[EventType "swiss"]
[EventRounds "7"]
[EventCountry "RUS"]
[SourceTitle "EXT 2022"]
[Source "ChessBase"]
[SourceDate "2021.10.06"]
[SourceVersion "1"]
[SourceVersionDate "2021.10.06"]
[SourceQuality "1"]

1. Nf3 c5 2. g3 g6 3. Bg2 Bg7 4. d3 Nc6 5. e4 d6 6. Nc3 e6 7. Be3 Nd4 8. Qd2 Ne7 9. h4 h5 10. 0-0 0-0 11. Rae1 Bd7 12. Nd1 Nec6 13. Ng5 e5 14. f4 Qa5 15. c3 Ne6 16. f5 Nc7 17. Bh3 Bh6 18. fxg6 Bxh3 19. gxf7+ Rxf7 20. Nxf7 Bg7 21. Bh6 Ne6 22. Bxg7 Nxg7 23. Qh6 Bf5 24. exf5 Kxf7 25. f6 Ne6 26. Qh7+ Ke8 27. f7+ 1-0

[Event "Nizhnij Novgorod Cup of Nadezhda"]
[Site "Nizhnij Novgorod"]
[Date "2011.08.08"]
[Round "?"]
[White "Sukhinin, Timur"]
[Black "Grushin, Stanislav"]
[Result "0-1"]
[WhiteElo "1878"]
[BlackElo "2008"]
[PlyCount "100"]
[EventDate "2011.08.08"]
[EventType "swiss"]
[EventRounds "8"]
[EventCountry "RUS"]
[SourceTitle "EXT 2022"]
[Source "ChessBase"]
[SourceDate "2021.10.06"]
[SourceVersion "1"]
[SourceVersionDate "2021.10.06"]
[SourceQuality "1"]

1. Nf3 c5 2. g3 Nc6 3. Bg2 g6 4. d4 cxd4 5. Nxd4 Bg7 6. c3 Qb6 7. Nxc6 bxc6 8. Qb3 Nf6 9. Be3 Qc7 10. 0-0 0-0 11. f3 d5 12. Nd2 e5 13. Bc5 Re8 14. e4 Be6 15. Qc2 dxe4 16. Nxe4 Nxe4 17. fxe4 Red8 18. Rfd1 Bg4 19. Rxd8+ Rxd8 20. h3 Be6 21. Rd1 h5 22. b4 Rd7 23. a4 Qd8 24. Rxd7 Qxd7 25. Kh2 Bh6 26. Bf1 h4 27. g4 Bf4+ 28. Kg1 f5 29. gxf5 gxf5 30. Qd3 Qg7+ 31. Bg2 fxe4 32. Qd8+ Kh7 33. Qxh4+ Kg8 34. Qd8+ Kh7 35. Qe7 Be3+ 36. Kh1 Bxc5 37. Bxe4+ Kh8 38. Qxg7+ Kxg7 39. bxc5 Bxh3 40. Bxc6 Kf8 41. a5 Ke7 42. Kg1 Kd8 43. Kf2 Kc7 44. Bd5 Bf5 45. Ke3 Bg6 46. Be4 Be8 47. Kf3 Bh5+ 48. Kg3 Be8 49. Kh4 Bd7 50. Kg5 Bc6 0-1

[Event "Nizhnij Novgorod Dubinin Memorial 18th"]
[Site "Nizhnij Novgorod"]
[Date "2011.01.03"]
[Round "?"]
[White "Nikulin, Pavel"]
[Black "Grushin, Stanislav"]
[Result "1-0"]
[WhiteElo "2103"]
[BlackElo "1974"]
[PlyCount "31"]
[EventDate "2011.01.03"]
[EventType "swiss"]
[EventRounds "9"]
[EventCountry "RUS"]
[SourceTitle "EXT 2012"]
[Source "ChessBase"]
[SourceDate "2011.11.24"]
[SourceVersion "1"]
[SourceVersionDate "2011.11.24"]
[SourceQuality "1"]

1. e4 c5 2. Nf3 Nc6 3. d4 cxd4 4. Nxd4 g6 5. c4 Bg7 6. Nc2 Nf6 7. Nc3 0-0 8. Be2 d6 9. Be3 Be6 10. f3 Qa5 11. Qd2 Rfc8 12. 0-0 a6 13. Rac1 Ne5 14. b3 b5 15. Nd5 Qxd2 16. Bxd2 1-0

[Event "Nizhnij Novgorod Hope Cup"]
[Site "Nizhnij Novgorod"]
[Date "2010.08.16"]
[Round "6"]
[White "Grushin, Stanislav"]
[Black "Yemelin, Arseny"]
[Result "1-0"]
[WhiteElo "1978"]
[BlackElo "2187"]
[PlyCount "87"]
[EventDate "2010.08.10"]
[EventType "swiss"]
[EventRounds "7"]
[EventCountry "RUS"]
[SourceTitle "CBM 138 Extra"]
[Source "ChessBase"]
[SourceDate "2010.10.29"]
[SourceVersion "1"]
[SourceVersionDate "2010.10.29"]
[SourceQuality "1"]

1. Nf3 Nf6 2. g3 b5 3. Bg2 Bb7 4. 0-0 c5 5. d3 Nc6 6. e4 d6 7. Re1 e5 8. Nbd2 g6 9. Nf1 Bg7 10. Bg5 h6 11. Be3 0-0 12. Qd2 Kh7 13. h4 Ng4 14. c3 f5 15. h5 gxh5 16. exf5 Nxe3 17. Nxe3 Ne7 18. Ng5+ hxg5 19. Bxb7 Rb8 20. Be4 Bf6 21. Nd5 Nxd5 22. Bxd5 Kg7 23. Kg2 Rh8 24. Rh1 Qd7 25. Qe2 h4 26. Qg4 Kf8 27. Rae1 b4 28. c4 b3 29. a3 Ke7 30. f4 gxf4 31. gxh4 Rh7 32. Kf3 Rbh8 33. Reg1 Qe8 34. Qg6 Qf8 35. Qg2 Bxh4 36. Qg6 Qf6 37. Rg2 Kf8 38. Rgh2 Ke7 39. Rg2 a5 40. Be6 e4+ 41. dxe4 Qd4 42. Kxf4 Bg3+ 43. Rxg3 Rxh1 44. Qf7+ 1-0

[Event "Kostroma Volga Cup op"]
[Site "Kostroma"]
[Date "2010.07.??"]
[Round "6"]
[White "Grushin, Stanislav"]
[Black "Gromadin, Gleb"]
[Result "1-0"]
[WhiteElo "1935"]
[BlackElo "2169"]
[PlyCount "79"]
[EventDate "2010.07.??"]
[EventType "swiss"]
[EventRounds "9"]
[EventCountry "RUS"]
[SourceTitle "EXT 2011"]
[Source "ChessBase"]
[SourceDate "2010.11.26"]
[SourceVersion "1"]
[SourceVersionDate "2010.11.26"]
[SourceQuality "1"]

1. Nf3 c5 2. g3 g6 3. Bg2 Bg7 4. 0-0 Nf6 5. d3 0-0 6. Nbd2 Nc6 7. e4 d6 8. Re1 Qc7 9. Nf1 d5 10. Qe2 Bg4 11. c3 d4 12. c4 Rae8 13. h3 Bd7 14. e5 Nh5 15. g4 Qc8 16. gxh5 Bxh3 17. h6 Bh8 18. Ng3 Bg4 19. Bf4 f6 20. exf6 Rxf6 21. Bg5 Rf7 22. Qe4 Nb4 23. Rab1 Bd7 24. a3 Bc6 25. Qe2 Nc2 26. Rec1 Ref8 27. Rxc2 Bxf3 28. Bxf3 Rxf3 29. Qe4 Qh3 30. Re1 R8f7 31. Rd2 e5 32. b4 Qc8 33. bxc5 Qxc5 34. Rb2 Qxa3 35. Rxb7 Rxb7 36. Qxf3 Rf7 37. Qa8+ Qf8 38. Qd5 Qc8 39. Rb1 a5 40. c5 1-0

[Event "Kostroma Volga Cup op"]
[Site "Kostroma"]
[Date "2010.07.??"]
[Round "3"]
[White "Mikhailov, Viacheslav"]
[Black "Grushin, Stanislav"]
[Result "1-0"]
[WhiteElo "2139"]
[BlackElo "1935"]
[PlyCount "73"]
[EventDate "2010.07.??"]
[EventType "swiss"]
[EventRounds "9"]
[EventCountry "RUS"]
[SourceTitle "EXT 2011"]
[Source "ChessBase"]
[SourceDate "2010.11.26"]
[SourceVersion "1"]
[SourceVersionDate "2010.11.26"]
[SourceQuality "1"]

1. e4 c5 2. Nf3 Nc6 3. Bb5 g6 4. 0-0 Bg7 5. c3 d6 6. d4 cxd4 7. cxd4 Bd7 8. Nc3 a6 9. Bxc6 bxc6 10. h3 Qa5 11. Bf4 Nf6 12. a3 0-0 13. b4 Qb6 14. e5 Ne8 15. Ne4 Bf5 16. exd6 Bxe4 17. dxe7 Nf6 18. exf8Q+ Bxf8 19. Re1 Bd5 20. Ne5 a5 21. Bg5 Bg7 22. Bxf6 Bxf6 23. Nd7 Qxd4 24. Nxf6+ Qxf6 25. bxa5 Rxa5 26. Qd2 Ra8 27. a4 Rd8 28. Qe3 c5 29. Qe7 Qxe7 30. Rxe7 Rc8 31. Re5 Ba8 32. Rc1 c4 33. a5 Bb7 34. Rb5 Be4 35. a6 Ra8 36. Rb6 Bd3 37. Ra1 1-0

[Event "Nizhnij Novgorod Voroniatov Memorial 7t"]
[Site "Nizhnij Novgorod"]
[Date "2010.05.09"]
[Round "8"]
[White "Grushin, Stanislav"]
[Black "Volkov, Ilya"]
[Result "0-1"]
[WhiteElo "1978"]
[BlackElo "2140"]
[PlyCount "43"]
[EventDate "2010.05.02"]
[EventType "swiss"]
[EventRounds "8"]
[EventCountry "RUS"]
[SourceTitle "CBM 136 Extra"]
[Source "ChessBase"]
[SourceDate "2010.07.02"]
[SourceVersion "2"]
[SourceVersionDate "2010.07.15"]
[SourceQuality "1"]

1. Nf3 Nf6 2. g3 d5 3. Bg2 g6 4. 0-0 Bg7 5. d3 0-0 6. Nbd2 c5 7. e4 Nc6 8. Re1 dxe4 9. dxe4 h6 10. Qe2 Be6 11. c3 Qc7 12. Nf1 Rad8 13. Bf4 Qc8 14. h4 c4 15. Red1 Ng4 16. N1h2 Nge5 17. Ne1 b5 18. Nhf3 Bg4 19. Qe3 Nxf3+ 20. Bxf3 Bxf3 21. Nxf3 Kh7 22. e5 0-1

[Event "Nizhnij Novgorod Voroniatov Memorial 7t"]
[Site "Nizhnij Novgorod"]
[Date "2010.05.08"]
[Round "7"]
[White "Karmanova, Marina"]
[Black "Grushin, Stanislav"]
[Result "1/2-1/2"]
[WhiteElo "1839"]
[BlackElo "1978"]
[PlyCount "45"]
[EventDate "2010.05.02"]
[EventType "swiss"]
[EventRounds "8"]
[EventCountry "RUS"]
[SourceTitle "CBM 136 Extra"]
[Source "ChessBase"]
[SourceDate "2010.07.02"]
[SourceVersion "2"]
[SourceVersionDate "2010.07.15"]
[SourceQuality "1"]

1. c4 Nf6 2. Nc3 g6 3. g3 Bg7 4. Bg2 0-0 5. d3 d6 6. Nf3 Nbd7 7. 0-0 e5 8. Ne1 c6 9. Bd2 Qe7 10. Rb1 Nh5 11. b4 f5 12. b5 c5 13. Nd5 Qd8 14. Qa4 a5 15. b6 Nhf6 16. Bg5 h6 17. Bxf6 Bxf6 18. Nc2 Ra6 19. Rb5 Nxb6 20. Nxb6 Rxb6 21. Qxa5 Ra6 22. Qxd8 Rxd8 23. a3 1/2-1/2

[Event "Nizhnij Novgorod Voroniatov Memorial 7t"]
[Site "Nizhnij Novgorod"]
[Date "2010.05.07"]
[Round "6"]
[White "Grushin, Stanislav"]
[Black "Shilnikov, Igor S"]
[Result "1-0"]
[WhiteElo "1978"]
[BlackElo "1931"]
[PlyCount "47"]
[EventDate "2010.05.02"]
[EventType "swiss"]
[EventRounds "8"]
[EventCountry "RUS"]
[SourceTitle "CBM 136 Extra"]
[Source "ChessBase"]
[SourceDate "2010.07.02"]
[SourceVersion "2"]
[SourceVersionDate "2010.07.15"]
[SourceQuality "1"]

1. Nf3 d5 2. g3 c5 3. Bg2 Nc6 4. 0-0 Bg4 5. d3 Nf6 6. Nbd2 e6 7. Re1 Be7 8. c3 0-0 9. Qc2 Rc8 10. e4 b5 11. h4 c4 12. d4 dxe4 13. Nxe4 Bf5 14. Nh2 h6 15. Qe2 Nd5 16. f4 b4 17. Bd2 Qb6 18. Nf1 Rfd8 19. Ne3 Bxe4 20. Bxe4 Nxf4 21. gxf4 Nxd4 22. cxd4 Qxd4 23. Qf2 Qxe4 24. Ng2 1-0

[Event "Nizhnij Novgorod Voroniatov Memorial 7t"]
[Site "Nizhnij Novgorod"]
[Date "2010.05.06"]
[Round "5"]
[White "Kozyrev, Daniil"]
[Black "Grushin, Stanislav"]
[Result "1/2-1/2"]
[WhiteElo "2195"]
[BlackElo "1978"]
[PlyCount "28"]
[EventDate "2010.05.02"]
[EventType "swiss"]
[EventRounds "8"]
[EventCountry "RUS"]
[SourceTitle "CBM 136 Extra"]
[Source "ChessBase"]
[SourceDate "2010.07.02"]
[SourceVersion "2"]
[SourceVersionDate "2010.07.15"]
[SourceQuality "1"]

1. e4 c5 2. Nf3 Nc6 3. d4 cxd4 4. Nxd4 Nf6 5. Nc3 d6 6. Bg5 e6 7. Qd2 a6 8. f4 Bd7 9. Bxf6 gxf6 10. 0-0-0 b5 11. Nxc6 Bxc6 12. Bd3 Qb6 13. Rhe1 0-0-0 14. g3 h5 1/2-1/2

[Event "Nizhnij Novgorod-ch"]
[Site "Nizhnij Novgorod"]
[Date "2010.03.??"]
[Round "?"]
[White "Gorishniy, Yuri"]
[Black "Grushin, Stanislav"]
[Result "1-0"]
[WhiteElo "2079"]
[BlackElo "1945"]
[PlyCount "75"]
[EventDate "2010.03.13"]
[EventType "swiss"]
[EventRounds "9"]
[EventCountry "RUS"]
[SourceTitle "EXT 2022"]
[Source "ChessBase"]
[SourceDate "2021.10.06"]
[SourceVersion "1"]
[SourceVersionDate "2021.10.06"]
[SourceQuality "1"]

1. Nf3 Nf6 2. c4 g6 3. Nc3 Bg7 4. e4 d6 5. d4 0-0 6. Be2 Nbd7 7. 0-0 e5 8. Be3 Re8 9. d5 a5 10. a3 Nf8 11. Nd2 h5 12. f3 N8h7 13. c5 dxc5 14. Bxc5 h4 15. Nc4 b6 16. Bf2 Nh5 17. d6 c5 18. Nd5 Nf4 19. Ncxb6 Nxd5 20. Nxd5 Qxd6 21. Rc1 Ng5 22. Bxc5 Qb8 23. Nb6 Ra7 24. Nxc8 Rxc8 25. Bxa7 Qxa7+ 26. Kh1 Rxc1 27. Qxc1 Ne6 28. Bc4 Nf4 29. g3 Nh5 30. Kg2 Kh7 31. Qd2 Qb7 32. b3 Qe7 33. Rd1 Qxa3 34. Bxf7 Qe7 35. Bc4 Qc5 36. Qg5 h3+ 37. Kxh3 Qf2 38. Rf1 1-0

[Event "Nizhnij Novgorod-ch"]
[Site "Nizhnij Novgorod"]
[Date "2010.03.??"]
[Round "?"]
[White "Grushin, Stanislav"]
[Black "Baryshev, Sergey"]
[Result "0-1"]
[WhiteElo "1945"]
[BlackElo "1849"]
[PlyCount "70"]
[EventDate "2010.03.13"]
[EventType "swiss"]
[EventRounds "9"]
[EventCountry "RUS"]
[SourceTitle "EXT 2022"]
[Source "ChessBase"]
[SourceDate "2021.10.06"]
[SourceVersion "1"]
[SourceVersionDate "2021.10.06"]
[SourceQuality "1"]

1. Nf3 c5 2. g3 Nc6 3. Bg2 d5 4. 0-0 e5 5. d3 Nf6 6. Nbd2 Be7 7. c4 d4 8. h3 Bd7 9. a3 Bd6 10. Rb1 Rb8 11. Qc2 0-0 12. Ng5 Ne7 13. Nde4 Nxe4 14. Nxe4 Bc6 15. b4 b6 16. Bd2 Bxe4 17. Bxe4 f5 18. Bg2 Ng6 19. Qa4 Qe7 20. Rb2 f4 21. g4 Nh4 22. Bd5+ Kh8 23. f3 Rf6 24. bxc5 Bxc5 25. Bb4 Rc8 26. Bxc5 Rxc5 27. Rb5 Rc7 28. Rc1 Rd6 29. Qb3 Ng6 30. c5 Qh4 31. Rc2 Qe1+ 32. Kh2 Nh4 33. e3 Qg3+ 34. Kh1 Rh6 35. cxb6 Nxf3 0-1

[Event "Nizhnij Novgorod-ch"]
[Site "Nizhnij Novgorod"]
[Date "2010.03.??"]
[Round "?"]
[White "Grushin, Stanislav"]
[Black "Chizhevskaja, Jana"]
[Result "1/2-1/2"]
[WhiteElo "1945"]
[BlackElo "1716"]
[PlyCount "85"]
[EventDate "2010.03.13"]
[EventType "swiss"]
[EventRounds "9"]
[EventCountry "RUS"]
[SourceTitle "EXT 2022"]
[Source "ChessBase"]
[SourceDate "2021.10.06"]
[SourceVersion "1"]
[SourceVersionDate "2021.10.06"]
[SourceQuality "1"]

1. e4 c5 2. d3 Nc6 3. g3 g6 4. Bg2 Bg7 5. Nc3 d6 6. Be3 Rb8 7. Qd2 b5 8. h4 h5 9. Nge2 Nd4 10. 0-0 e6 11. Nd1 b4 12. f4 Ne7 13. Bxd4 cxd4 14. Kh2 0-0 15. Nf2 f5 16. Nh3 a5 17. Rae1 Bb7 18. Neg1 e5 19. Nf3 fxe4 20. dxe4 Qd7 21. fxe5 dxe5 22. Nhg5 Qd6 23. Bh3 Bc8 24. Qd3 Bxh3 25. Kxh3 Qd7+ 26. Kh2 Nc6 27. Qb3+ Kh8 28. Ne6 Rfe8 29. Nfg5 Re7 30. Rf3 a4 31. Qd5 Qxd5 32. exd5 Nd8 33. Nxd8 Rxd8 34. Nf7+ Rxf7 35. Rxf7 Rxd5 36. Ra7 b3 37. cxb3 axb3 38. a3 d3 39. Ra4 d2 40. Rd1 e4 41. Rxe4 Bxb2 42. Rb4 Bxa3 43. Rxb3 1/2-1/2

[Event "Nizhnij Novgorod-ch"]
[Site "Nizhnij Novgorod"]
[Date "2010.03.??"]
[Round "?"]
[White "Maershina, Arina"]
[Black "Grushin, Stanislav"]
[Result "0-1"]
[WhiteElo "1721"]
[BlackElo "1945"]
[PlyCount "94"]
[EventDate "2010.03.13"]
[EventType "swiss"]
[EventRounds "9"]
[EventCountry "RUS"]
[SourceTitle "EXT 2022"]
[Source "ChessBase"]
[SourceDate "2021.10.06"]
[SourceVersion "1"]
[SourceVersionDate "2021.10.06"]
[SourceQuality "1"]

1. e4 c5 2. Nf3 Nc6 3. c3 g6 4. d4 cxd4 5. cxd4 Bg7 6. Nc3 d6 7. h3 Bd7 8. Be2 a6 9. Be3 Nf6 10. 0-0 0-0 11. Qd2 b5 12. Rfd1 b4 13. Nd5 Nxe4 14. Qc2 Nf6 15. Nxf6+ Bxf6 16. a3 bxa3 17. Rxa3 a5 18. Qc3 Nb4 19. Bh6 Re8 20. Qd2 Qb6 21. Rda1 Rec8 22. Rc3 Rcb8 23. Bc4 Bb5 24. Qe2 Nd5 25. Rc2 Nc7 26. Rac1 d5 27. Bd3 Bxd3 28. Qxd3 Ne6 29. Be3 Kg7 30. g4 h6 31. h4 g5 32. Qd2 Qb4 33. hxg5 Nxg5 34. Nxg5 hxg5 35. Bxg5 Qxd2 36. Bxf6+ Kxf6 37. Rxd2 Rb3 38. Kg2 e6 39. Ra1 Kg5 40. f3 Kf4 41. Rf2 a4 42. Rc1 Ra7 43. Rcc2 Rab7 44. Rce2 Rd3 45. Re1 Rbb3 46. Ref1 Rxd4 47. Kh3 Rdb4 0-1

[Event "Nizhnij Novgorod op"]
[Site "Nizhnij Novgorod"]
[Date "2010.??.??"]
[Round "?"]
[White "Simagin, Maxim"]
[Black "Grushin, Stanislav"]
[Result "1-0"]
[WhiteElo "2038"]
[BlackElo "1978"]
[PlyCount "59"]
[EventDate "2010.10.02"]
[EventType "swiss"]
[EventRounds "9"]
[EventCountry "RUS"]
[SourceTitle "EXT 2011"]
[Source "ChessBase"]
[SourceDate "2010.11.26"]
[SourceVersion "1"]
[SourceVersionDate "2010.11.26"]
[SourceQuality "1"]

1. d4 Nf6 2. Nf3 g6 3. Bf4 Bg7 4. e3 d6 5. h3 Nbd7 6. c4 0-0 7. Nc3 Re8 8. Be2 c6 9. 0-0 Qa5 10. a3 e5 11. b4 Qc7 12. Bh2 exd4 13. exd4 a6 14. c5 Bf8 15. Bc4 Qd8 16. d5 dxc5 17. dxc6 Nb6 18. Qxd8 Rxd8 19. Bc7 Nxc4 20. Bxd8 Nh5 21. c7 Nf4 22. Rfe1 cxb4 23. axb4 Be6 24. b5 Bb4 25. bxa6 bxa6 26. Reb1 Nd3 27. Be7 Bxe7 28. Rb8+ Bc8 29. Rxa8 Nb6 30. R1xa6 1-0

[Event "Nizhnij Novgorod-ch HL"]
[Site "Nizhnij Novgorod"]
[Date "2009.11.14"]
[Round "?"]
[White "Shilin, Vladimir"]
[Black "Grushin, Stanislav"]
[Result "0-1"]
[WhiteElo "2133"]
[BlackElo "1961"]
[PlyCount "110"]
[EventDate "2009.11.14"]
[EventType "swiss"]
[EventRounds "9"]
[EventCountry "RUS"]
[SourceTitle "EXT 2022"]
[Source "ChessBase"]
[SourceDate "2021.10.06"]
[SourceVersion "1"]
[SourceVersionDate "2021.10.06"]
[SourceQuality "1"]

1. e4 c5 2. Nf3 Nc6 3. Nc3 g6 4. d4 cxd4 5. Nxd4 Bg7 6. Be3 Nf6 7. Nxc6 bxc6 8. e5 Ng8 9. Bd4 Nh6 10. e6 0-0 11. Bxg7 Kxg7 12. Qd4+ f6 13. 0-0-0 Nf5 14. Qf4 d5 15. g4 Nd6 16. Re1 Qa5 17. Qa4 Qc5 18. f4 Rb8 19. a3 Qb6 20. b3 Qf2 21. Bd3 Qc5 22. Nb1 f5 23. gxf5 Nxf5 24. h4 Nd4 25. b4 Qd6 26. Qxa7 Qxf4+ 27. Kb2 Rb7 28. Qc5 Nxe6 29. Qxc6 Qd4+ 30. Qc3 Rc7 31. Qxd4+ Nxd4 32. Rhf1 Nf3 33. Re3 Nxh4 34. Rfe1 e6 35. Rh3 Nf5 36. c3 Kf6 37. Nd2 e5 38. Rh2 e4 39. Bb5 h5 40. Rf1 Ke5 41. Rg2 Rg7 42. Re1 Nd6 43. Be2 h4 44. Bg4 h3 45. Rgg1 Bxg4 46. Rxg4 Rff7 47. Rh4 Rf2 48. Kc1 h2 49. Rh1 e3 50. Re1 Nf5 51. Rxh2 Rxh2 52. Nf3+ Kf4 53. Nxh2 Kg3 54. Nf1+ Kf2 55. Kd1 e2+ 0-1

[Event "Nizhnij Novgorod-ch HL"]
[Site "Nizhnij Novgorod"]
[Date "2009.11.14"]
[Round "?"]
[White "Vorontsov, Anatoly"]
[Black "Grushin, Stanislav"]
[Result "1-0"]
[WhiteElo "2044"]
[BlackElo "1961"]
[PlyCount "77"]
[EventDate "2009.11.14"]
[EventType "swiss"]
[EventRounds "9"]
[EventCountry "RUS"]
[SourceTitle "EXT 2022"]
[Source "ChessBase"]
[SourceDate "2021.10.06"]
[SourceVersion "1"]
[SourceVersionDate "2021.10.06"]
[SourceQuality "1"]

1. d4 Nf6 2. c4 c5 3. Nf3 g6 4. Nc3 Bg7 5. e4 0-0 6. Be2 cxd4 7. Nxd4 Nc6 8. Be3 d6 9. 0-0 a6 10. Qd2 Ng4 11. Bxg4 Bxg4 12. Rab1 Rc8 13. Nd5 Nxd4 14. Bxd4 Rxc4 15. Bxg7 Kxg7 16. Ne3 Rxe4 17. f3 Rxe3 18. Qxe3 Be6 19. Rbc1 Kg8 20. Rc3 Qa5 21. a3 Rd8 22. Rfc1 Qb5 23. h3 Qxb2 24. Rc7 d5 25. Rxe7 d4 26. Qg5 Qb6 27. Rxb7 Qd6 28. h4 d3 29. h5 d2 30. Rd1 Qd4+ 31. Kh1 f6 32. Qg3 Qa4 33. Rxd2 Rc8 34. hxg6 h5 35. Qe1 Bf5 36. Rd5 Re8 37. Qg3 h4 38. Qc7 Bd7 39. Rxd7 1-0